书目信息 |
| 题名: |
满文老档 下册
|
|
| 作者: | 中国历史第一档案馆 著 | |
| 分册: | ||
| 出版信息: | 北京 中华书局 1990.3 |
|
| 页数: | 1732页 | |
| 开本: | 20cm | |
| 丛书名: | ||
| 单 册: | ||
| 中图分类: | K249.1 | |
| 科图分类: | ||
| 主题词: | 中国--历史 | |
| 电子资源: | ||
| ISBN: | ||
| 000 | 00571nam0 2200193 45 | |
| 001 | 0312221749 | |
| 005 | 20031222171231.6 | |
| 010 | @dCNY | |
| 100 | @a20031222d1990 km y0chiy0120 ea | |
| 101 | @achi | |
| 105 | @a z 000yy | |
| 200 | 1 | @a满文老档 下册@AMan Wen Lao Dang Xia Ce@f中国历史第一档案馆等著@FZhong Guo Li Shi Di Yi Dang An Guan Deng Zhu |
| 210 | @a北京@c中华书局@d1990.3 | |
| 215 | @a1732页@d20cm | |
| 606 | 0 | @a中国@x历史 |
| 690 | @aK249.1@v3 | |
| 701 | 0 | @a中国历史第一档案馆@4著 |
| 801 | @aCN@bTSTCL@c20031222 | |
| 905 | @a213230@dK249.1@e60:2@b231543@f1 | |
| 满文老档 下册/中国历史第一档案馆等著.-北京:中华书局,1990.3 |
| 1732页;20cm |
| ISBN :CNY |
| ● |
| 相关链接 |
|
|
|
|
正题名:满文老档 下册
索取号:K249.1/60:2
 
预约/预借
| 序号 | 登录号 | 条形码 | 馆藏地/架位号 | 状态 | 备注 |
| 1 | 0231543 | 000806836 | 第二样本阅览室/ [索取号:K249.1/60:2] | 在馆 |